| 000 | 00833nam a22002177a 4500 | ||
|---|---|---|---|
| 005 | 20240530110600.0 | ||
| 008 | 160904s1882 au o g 000 0 ara d | ||
| 017 |
_a7666/2010 _bمصر . دار الكتب المصرية |
||
| 020 | _a978977452184 | ||
| 040 | _aEG-CaGPL | ||
| 082 | 0 | 4 |
_221 _a962.04 _bق/أ ى |
| 100 | 0 | _aامل الجيار . | |
| 245 | 1 | 0 |
_aيوميات اسكندريه / _cامل الجيار . |
| 260 |
_aالقاهره : _bمكتبه الاسكندريه ، _c2010 . |
||
| 300 |
_a291 ص : _bايض ؛ _c24 سم . |
||
| 490 | 0 |
_aذاكره مصر المعاصره _v9 |
|
| 651 | 0 | 4 |
_aمصر _xتاريخ _y الاحتلال البريطاني 1882 - 1956م |
| 651 | 0 | 4 |
_aالاسكندريه _xتاريخ _yالحصار البحرى 1882م |
| 942 |
_2ddc _cBK |
||
| 999 |
_c62641 _d62641 |
||